000
00442nam a22001457a 4500
020
_a
0340776897
082
_a
150
100
_a
Richard Gross
245
_a
Psychology a new introduction for A level
250
_a
2nd ed.
260
_a
London
_b
Hodder and Stoughton
_c
2004
300
_a
928p
942
_c
BK
999
_c
2876
_d
2876